1735 1365 1343 1763 1250 1229 1116 1095 1153 1437 1401 1734 1825 1368 1439 1427 1854 1912 1507 1914 1990 1047 1435 1832 1498 1150 1253 1854 1714 1961 1331 1326 1180 1381 1913 1444 1437 1008 1635 1460 1107 1030 1495 1439 1105 1362 1787 1621 1927 1654 1296 1742 1590 1605 1590 1357 1676 1058 1271 1381 1898 1814 1431 1652 1437 1197 1404 1468 1689 1219 1138 1976 1964 1986 1532 1612 1109 1113 1861 1898 1070 1032 1033 1468 1573 1001 1263 1526 1011 1461 1878 1972 1498 1527 1850 1658 1519 1394 1191 BCNSPRNW ULIB Ver.6.0+V

เปลี่ยนเป็นภาษาไทย

Change to English
 แสดงรายละเอียดบรรณานุกรม
  กลับหน้าหลัก

Brief Record : Get Marc (ISO 2709) : E-mail record : QR code < ปิดหน้าต่าง
LEADER : 00000nam 2200000uu 4500
001    13399126773
003     ULIB
008    190304s2561||||th 000 0 tha d
020    ^a9786162231476^c350
060 04 ^aWA590^bก523
245 00 ^aการสร้างเสริมสุขภาพและป้องกันโรคในชุมชน (ฉบับปรับปรุง) :^bการประยุกต์แนวคิดและทฤษฏีสู่การปฏิบัติ = Health promotion and disease prevention in community : an application of concepts and theories to practice /^cอาภาพร เผ่าวัฒนา ... [และคนอื่นๅ]
246 31 ^aHealth promotion and disease prevention in community :^ban application of concepts and theories to practice
250    ^aพิมพ์ครั้งที่ 1 (ฉบับปรับปรุง)
260    ^aกรุงเทพฯ :^bเอ็มเอ็น คอมพิวออฟเซท,^c2561
300    ^aก-ฏ, 344 หน้า :^bภาพประกอบ ;^c26 ซม.
504    ^aเอกสารอ้างอิงและดัชนีท้ายเล่ม
650  4 ^aการส่งเสริมสุขภาพ
650  4 ^aโรค^xการป้องกันและควบคุม
650  4 ^aสุขภาพ^xการมีส่วนร่วมของประชาชน
700 0  ^aอาภาพร เผ่าวัฒนา
710 2  ^aมหาวิทยาลัยมหิดล^bคณะสาธารณสุขศาสตร์
945    ^p350^l0^i27197
945    ^p350^l0^i27196
945    ^p350^l0^i27195
945    ^p350^l0^i27194
945    ^p350^l0^i27198
999    ^aกัณชพร จุลอักษร
รายการนี้ยังไม่มีแท็ก
คุณยังไม่ได้ล็อกอิน คุณสามารถมีกิจกรรมร่วมกับเว็บไซต์ได้ แต่ต้องล็อกอินก่อน ::
  ล็อกอิน

รายการสื่อสารสนเทศ

ลำดับที่ ประเภท เลขเรียก/บาร์โค้ด สถานที่ สถานะ
1. หนังสือสำรอง
หนังสือสำรอง
WA590 ก523 ฉ.1 
  Barcode: 27194
ห้องสมุดวิทยาเขตนครสวรรค์
►หนังสือทั่วไป:l:General Books
บนชั้น
2. วิทยาศาสตร์การแพทย์ และสุขภาพ
วิทยาศาสตร์การแพทย์ และสุขภาพ
WA590 ก523 ฉ.2 
  Barcode: 27195
ห้องสมุดวิทยาเขตนครสวรรค์
►หนังสือทั่วไป:l:General Books
บนชั้น
3. วิทยาศาสตร์การแพทย์ และสุขภาพ
วิทยาศาสตร์การแพทย์ และสุขภาพ
WA590 ก523 ฉ.3 
  Barcode: 27196
ห้องสมุดวิทยาเขตนครสวรรค์
►หนังสือทั่วไป:l:General Books
บนชั้น
4. วิทยาศาสตร์การแพทย์ และสุขภาพ
วิทยาศาสตร์การแพทย์ และสุขภาพ
WA590 ก523 ฉ.4 
  Barcode: 27197
ห้องสมุดวิทยาเขตนครสวรรค์
►หนังสือทั่วไป:l:General Books
บนชั้น
5. วิทยาศาสตร์การแพทย์ และสุขภาพ
วิทยาศาสตร์การแพทย์ และสุขภาพ
WA590 ก523 ฉ.5 
  Barcode: 27198
ห้องสมุดวิทยาเขตนครสวรรค์
►หนังสือทั่วไป:l:General Books
บนชั้น

รายการใกล้เคียง
    หัวเรื่อง [การส่งเสริมสุขภาพ]

BibComment


ยังไม่เคยถูกคอมเมนท์

คอมเมนท์ทรัพยากรรายการนี้
  คอมเมนท์: การสร้างเสริมสุข..


 Copyright 2026. Bcnsprnw @Library